| 000 | 00506 a2200193 4500 | ||
|---|---|---|---|
| 005 | 20260216150854.0 | ||
| 008 | 260216b |||||||| |||| 00| 0 eng d | ||
| 020 |
_a9788196175160 _cRs. 325.00 |
||
| 040 | _aMAIN | ||
| 082 |
_a347.077 _bB469A |
||
| 100 | _aBhargav, L K | ||
| 245 | _aABC of judgment writing | ||
| 260 |
_bIntegrity Education India _c2023 _aNew Delhi |
||
| 300 | _a240 | ||
| 650 | _aJudgements- Authorship | ||
| 650 | _aLegal Composition | ||
| 700 | _aJoshi, Man Mohan | ||
| 942 | _cBK | ||
| 999 |
_c396149 _d396149 |
||